Peep Show Episodes - Statistics

General Stats
  • This quiz has been taken 89 times
  • The average score is 16 of 54
Answer Stats
Hint Answer % Correct
Episode 6 Quantocking
83%
Episode 6 Wedding
77%
Episode 6 Wedding
77%
Episode 1 Warring Factions
74%
Episode 3 Shrooming
60%
Episode 4 Sistering
54%
Episode 6 Quantocking II
51%
Episode 1 Dance Class
43%
Episode 2 Jeremy Makes It
37%
Episode 6 New Year's Eve
37%
Episode 5 Seasonal Beatings
37%
Episode 2 Sectioning
37%
Episode 6 Funeral
34%
Episode 6 Mark's Women
34%
Episode 1 Sophie's Parents
34%
Episode 6 Are We Going To Be Alright?
31%
Episode 3 Gym
31%
Episode 1 Mugging
31%
Episode 4 Big Mad Andy
29%
Episode 1 Jeremy at JLB
29%
Episode 2 Man Jam
29%
Episode 4 Mark Makes a Friend
29%
Episode 3 On the Pull
29%
Episode 2 The Interview
29%
Episode 5 The Party
29%
Episode 2 Gregory's Beard
26%
Episode 4 Jeremy's Mummy
26%
Episode 5 Jurying
26%
Episode 3 Threeism
26%
Episode 5 Holiday
23%
Episode 4 Nether Zone
23%
Episode 5 The Man Show
23%
Episode 2 Conference
20%
Episode 3 Jeremy's Broke
20%
Episode 3 Local Zero
20%
Episode 4 Mole-Mapping
20%
Episode 2 Spin War
20%
Episode 1 Burgling
17%
Episode 3 Jeremy in Love
17%
Episode 1 Jeremy Therapised
17%
Episode 1 St Hospitals
17%
Episode 4 The Affair
17%
Episode 1 The William Morris Years
17%
Episode 4 University Challenge
17%
Episode 3 A Beautiful Mind
14%
Episode 5 Chairman Mark
14%
Episode 4 Handyman
14%
Episode 5 Jeremy's Manager
14%
Episode 5 Kid Cave
14%
Episode 2 Business Secrets of the Pharaohs
11%
Episode 6 Das Boot
11%
Episode 5 Dream Job
11%
Episode 3 The Love Bunker
11%
Episode 2 The Test
9%
No matching quizzes found
Score Distribution
Percent of People with Each Score
Percentile by Number Answered
Your Score History
You have not taken this quiz